|
|
|
|
| LEADER |
00000nab a2200000 a 4500 |
| 001 |
vtls000807044 |
| 003 |
SK-MaSNL |
| 005 |
20260305002450.0 |
| 008 |
250429c2002 xo 0 slo |
| 015 |
|
|
|a SNBRB2002/10-29442
|
| 035 |
|
|
|a CLN000158699
|
| 035 |
|
|
|a urn:nbn:sk:snk-ab2vxl
|
| 035 |
|
|
|a (urnnbn)urn:nbn:sk:snk:ar-a030l6
|
| 035 |
|
|
|a (uuid)5dda166e-745a-4bb4-b2e4-27bbc696654f
|
| 040 |
|
|
|a SNKBUCL
|b slo
|c SNKBUCL
|e AACR2
|
| 041 |
0 |
|
|a slo
|
| 044 |
|
|
|a xo
|c SK
|
| 080 |
|
|
|a 904(437.6):730"14"
|2 1997
|
| 080 |
|
|
|a 730.033.5.025.4(437.6)
|2 1997
|
| 080 |
|
|
|a 726.54(437.6)
|2 1997
|
| 080 |
|
|
|a 502.21(1-751.4)
|2 2001
|
| 080 |
|
|
|a 93/94
|2 2011
|
| 080 |
|
|
|a 7.025.3/.4
|2 2011
|
| 100 |
1 |
|
|a Mlích, Štefan
|4 aut
|9 353225
|
| 245 |
1 |
0 |
|a Zachránime všetky?
|c Štefan Mlích
|
| 300 |
|
|
|b Fotogr.
|
| 650 |
0 |
7 |
|a madony
|2 snkbucl
|9 161109
|
| 650 |
0 |
7 |
|a gotika neskorá
|2 snkbucl
|9 1192158
|
| 650 |
0 |
7 |
|a pamiatky
|2 SNKPH
|9 3808
|
| 650 |
0 |
7 |
|a dejiny
|2 SNKPH
|9 3825
|
| 650 |
0 |
7 |
|a reštaurátorstvo
|2 SNKPH
|9 18959
|
| 650 |
0 |
7 |
|a madony
|2 SNKPH
|9 161109
|
| 651 |
|
7 |
|a Brezno (Slovensko)
|2 snkbucl
|9 31403
|
| 655 |
|
7 |
|a články z novín a časopisov
|2 snkbucl
|9 267496
|
| 773 |
0 |
|
|t Krásy Slovenska
|g Roč. 81, č. 5-6 (2002), s. 14-15
|x 0323-0643
|
| 850 |
|
|
|a Slovenská národná knižnica
|
| 852 |
|
|
|a Slovenská národná knižnica
|
| 954 |
|
|
|a odborná, vedecká literatúra pôvodná (slovenská)
|2 lita
|
| 957 |
|
|
|a 603
|
| 958 |
|
|
|a article27
|
| 958 |
|
|
|a OND
|
| 958 |
|
|
|a SK
|
| 958 |
|
|
|a EUIPO
|
| 992 |
|
|
|a RBX
|
| 999 |
|
|
|c 3225639
|d 3227569
|